<?xml version="1.0" encoding="UTF-8"?>
<record
    xmlns:xsi="http://www.w3.org/2001/XMLSchema-instance"
    xsi:schemaLocation="http://www.loc.gov/MARC21/slim http://www.loc.gov/standards/marcxml/schema/MARC21slim.xsd"
    xmlns="http://www.loc.gov/MARC21/slim">

  <leader>00650nam a22002057a 4500</leader>
  <controlfield tag="005">20180711113159.0</controlfield>
  <datafield tag="010" ind1=" " ind2=" ">
    <subfield code="a">ENG-123438</subfield>
  </datafield>
  <datafield tag="020" ind1=" " ind2=" ">
    <subfield code="a">9789352872756</subfield>
    <subfield code="c">625.00</subfield>
  </datafield>
  <datafield tag="035" ind1=" " ind2=" ">
    <subfield code="a">EN-106970</subfield>
  </datafield>
  <datafield tag="037" ind1=" " ind2=" ">
    <subfield code="b">DBAD/PUB</subfield>
  </datafield>
  <datafield tag="082" ind1=" " ind2=" ">
    <subfield code="a">301.0954</subfield>
  </datafield>
  <datafield tag="245" ind1=" " ind2=" ">
    <subfield code="a">Towards a new sociology in india /</subfield>
    <subfield code="c">ed. by Mahuya Bandyopadhyay [and] Ritambhara Hebbar</subfield>
  </datafield>
  <datafield tag="260" ind1=" " ind2=" ">
    <subfield code="a">Hyderabad </subfield>
    <subfield code="b">Orient BlackSwan</subfield>
    <subfield code="c">2018</subfield>
  </datafield>
  <datafield tag="270" ind1=" " ind2=" ">
    <subfield code="a">3-6-752 Himayatnagar </subfield>
    <subfield code="b">Hyderabad</subfield>
    <subfield code="e">500029</subfield>
  </datafield>
  <datafield tag="300" ind1=" " ind2=" ">
    <subfield code="a">x,266p.</subfield>
    <subfield code="c">21cm(pbk)</subfield>
    <subfield code="b">ill.</subfield>
  </datafield>
  <datafield tag="500" ind1=" " ind2=" ">
    <subfield code="a">It includes index</subfield>
  </datafield>
  <datafield tag="700" ind1=" " ind2=" ">
    <subfield code="a"> Bandyopadhyay,  Mahuya</subfield>
  </datafield>
  <datafield tag="700" ind1=" " ind2=" ">
    <subfield code="a"> Hebbar, Ritambhara</subfield>
  </datafield>
  <datafield tag="942" ind1=" " ind2=" ">
    <subfield code="2">ddc</subfield>
    <subfield code="c">EN</subfield>
    <subfield code="h">301.0954</subfield>
    <subfield code="m">TOW</subfield>
  </datafield>
  <datafield tag="999" ind1=" " ind2=" ">
    <subfield code="c">153813</subfield>
    <subfield code="d">153813</subfield>
  </datafield>
  <datafield tag="952" ind1=" " ind2=" ">
    <subfield code="0">0</subfield>
    <subfield code="1">0</subfield>
    <subfield code="4">0</subfield>
    <subfield code="7">1</subfield>
    <subfield code="8">NFIC</subfield>
    <subfield code="a">DBAD</subfield>
    <subfield code="b">L</subfield>
    <subfield code="d">2018-07-11</subfield>
    <subfield code="e">DBAD/PUB</subfield>
    <subfield code="g">625.00</subfield>
    <subfield code="l">0</subfield>
    <subfield code="o">301.0954 TOW</subfield>
    <subfield code="p">EN-106970</subfield>
    <subfield code="r">2018-07-11 00:00:00</subfield>
    <subfield code="t">1</subfield>
    <subfield code="v">625.00</subfield>
    <subfield code="y">EN</subfield>
  </datafield>
</record>
